| 000 | 00537nam a2200169 i 4500 | ||
|---|---|---|---|
| 001 | 70448 | ||
| 003 | ES-MaACL | ||
| 007 | t| | ||
| 008 | 040726s1986 sp ||||1| spa d | ||
| 020 | _a84-398-6586-4 | ||
| 100 | 1 |
_aGarcía Toraño, Paulino. _955333 |
|
| 245 | 1 | 0 |
_aHistoria del Reino de Asturias _b: (718-910) / _cPaulino García Toraño. |
| 260 |
_a[S.l. : _bs.n., _c1986] ( _eOviedo : _fGráf. Summa) |
||
| 300 |
_aXV, 439 p., 8 h. de lám. ; _c22 cm. |
||
| 500 | _aDed. autógr. del autor. | ||
| 852 |
_aES-MaACL _jG-1579 _bR.113391 |
||
| 999 |
_c70448 _d70448 |
||